| 000 | 00489nam a2200181 4500 | ||
|---|---|---|---|
| 001 | 23412 | ||
| 005 | 20230410115908.0 | ||
| 008 | 060907n2004 dr spa | ||
| 020 | _a0415935032 | ||
| 035 | _9funglode23580 | ||
| 041 | _aEN | ||
| 050 | 1 | 4 | _aHQ 160 K32s 2004 |
| 100 | _aKempadoo, Kamala | ||
| 245 | 1 |
_aSexing the Caribbean : _bgender, race, and sexual labor / _cKamala Kempadoo |
|
| 260 |
_aNew York : _bRoutledge, _c2004 |
||
| 300 | _aix, 272 p. | ||
| 942 |
_2lcc _cbk |
||
| 999 |
_c50029 _d50029 |
||